| 000 | 01538nam2a22002531 4500 | ||
|---|---|---|---|
| 001 | rc\308032 | ||
| 005 | 20250612182901.0 | ||
| 035 | _a(NLR Aleph) 008781494 | ||
| 090 |
_a7985152 _c7985152 |
||
| 100 | _a20030307d1990 |||y0rusy50 ca | ||
| 101 | 0 | _arus | |
| 102 | _aRU | ||
| 105 | _ay ||||||||| | ||
| 200 | 1 |
_aОпыт и проблемы самоуправления и самофинансирования городов и районов _f[Редкол.: С.С. Аптекарь и др.] |
|
| 210 |
_d1990 _aБ. м. |
||
| 215 | _a125 с. | ||
| 300 | _aИн-т экономики пром-сти, Укр. респ. правл. Всесоюз. экон. о-ва, Донец. обл. правл. Всесоюз. экон. о-ва | ||
| 461 | 0 |
_1001rc\308028 _12001#$aОрганизация территориального самоуправления и самофинансирования: опыт и проблемы$eТез. докл. респ. науч.-практ. конф., 17-18 окт.$vСекция 4 _97997772 _cДонецк _d1990- _nИн-т экономики пром-сти _oТез. докл. респ. науч.-практ. конф., 17-18 окт. _tОрганизация территориального самоуправления и самофинансирования: опыт и проблемы _vСекция 4 |
|
| 702 | 1 |
_aАптекарь _bС.С. _gСавелий Семенович _4340 |
|
| 801 | 0 |
_aRU _bNLR _gpsbo |
|
| 801 | 1 |
_aRU _bELAR _2rusmarc |
|
| 852 |
_aNLR _j90-3/9922 |
||
| 942 | _cBOOK | ||
| 980 | _aNB | ||